000 01058fam a2200349 a 4500
001 1526464
003 USPCAS-E
005 20180118181411.0
008 940426s1994 nyu b 001 0 eng
010 _a 94016575
020 _a0412985217 (v. 1) :
_c$64.95
020 _a0412985314 (v. 2) :
_c$64.95
035 _a(OCoLC)30476479
035 _a(OCoLC)ocm30476479
035 _a(NNC)1526464
040 _aDLC
_cDLC
_dNNC
050 0 0 _aTK9202
_b.G55 1994
082 0 0 _a621.4831
_220
_bGLA-N 1994
100 1 _aGlasstone, Samuel,
_d1897-1986.
245 1 0 _aNuclear reactor engineering /
_cSamuel Glasstone and Alexander Sesonske.
250 _a4th ed.
260 _aNew York, NY :
_bChapman & Hall,
_c1994.
263 _a9408
300 _av. :
_bill. ;
_c24 cm.
502 _a0
504 _aIncludes bibliographical references and indexes.
505 0 _av. 1. Reactor design basics -- v. 2. Reactor systems engineering.
650 0 _aNuclear reactors.
700 1 _aSesonske, Alexander,
_d1921-
942 _2ddc
_cBK
999 _c355729
_d355729